Quiz o Związku Radzieckim - Statystyki

Ogólne statystyki
  • Ten quiz został rozwiązany 5 331 razy
  • Średni wynik to 12 z 20
Statystyki odpowiedzi
Wskazówka Odpowiedź % Poprawnych
Osoba, która rządziła ZSRR do swojej śmierci w 1953 roku Józef Stalin
93%
Pierwszy wódz ZSRR Włodzimierz Lenin
91%
Nazwa armii sowieckiej Armia {Czerwona}
88%
Państwo najechane w 1939 roku Polska
87%
Miejsce awarii reaktora atomowego z 1986 roku Czarnobyl
73%
Nazwa sowieckiego obozu pracy Gułag
72%
Język ojczysty powyższej osoby Gruziński
70%
Pierwsza osoba w przestrzeni kosmicznej Jurij Gagarin
66%
Militarna organizacja podobna do NATO Układ {Warszawski}
66%
Państwo najechane w 1939 roku Finlandia
58%
Ostatni lider ZSRR Michaił Gorbaczow
57%
Sowiecka służba specjalna KGB
56%
Państwo najechane w 1979 roku Afganistan
55%
Satelita wystrzelony w 1957 roku Sputnik 1
43%
Najważniejszy towar eksportowy Ropa naftowa
38%
Sowieckie określenie na zwolenników Towarzysz
38%
Sowiecka wersja astronauty Kosmonauta
37%
Jedyna partia polityczna w państwie Partia Komunistyczna
33%
Wewnętrzny organ wykonawczy {Polit}biuro
22%
Oficjalna państwowa gazeta Prawda
18%
Nie znaleziono quizów pasujących do podanych kryteriów
Rozkład punktacji
Procent ludzi z każdym wynikiem
Percentyl według liczby udzielonych odpowiedzi
Twoja historia wyników
Nie rozwiązałeś tego quizu